Annual review of plant physiology. V 36 (Record no. 44963)

MARC details
000 -LEADER
fixed length control field 01043nam a2200385Ia 4500
082 ## - DEWEY DECIMAL CLASSIFICATION NUMBER
Classification number 581.1
Item number ANN.36
245 #0 - TITLE STATEMENT
Title Annual review of plant physiology. V 36
260 ## - PUBLICATION, DISTRIBUTION, ETC. (IMPRINT)
Place of publication California
Name of publisher Annual Reviews Inc
Year of publication 1985
650 ## - SUBJECT ADDED ENTRY--TOPICAL TERM
Topical Term Cell-cell interaction
650 ## - SUBJECT ADDED ENTRY--TOPICAL TERM
Topical Term Chromatin
650 ## - SUBJECT ADDED ENTRY--TOPICAL TERM
Topical Term Crassulacean acid metabolism
650 ## - SUBJECT ADDED ENTRY--TOPICAL TERM
Topical Term Development
650 ## - SUBJECT ADDED ENTRY--TOPICAL TERM
Topical Term Ethylene
650 ## - SUBJECT ADDED ENTRY--TOPICAL TERM
Topical Term Gene expression
650 ## - SUBJECT ADDED ENTRY--TOPICAL TERM
Topical Term Genomic change
650 ## - SUBJECT ADDED ENTRY--TOPICAL TERM
Topical Term Genotropism
650 ## - SUBJECT ADDED ENTRY--TOPICAL TERM
Topical Term Gibberellin
650 ## - SUBJECT ADDED ENTRY--TOPICAL TERM
Topical Term H+ -translocating ATPase
650 ## - SUBJECT ADDED ENTRY--TOPICAL TERM
Topical Term Higher plant
650 ## - SUBJECT ADDED ENTRY--TOPICAL TERM
Topical Term Lectin
650 ## - SUBJECT ADDED ENTRY--TOPICAL TERM
Topical Term Light regulation
650 ## - SUBJECT ADDED ENTRY--TOPICAL TERM
Topical Term Mineral nutrient
650 ## - SUBJECT ADDED ENTRY--TOPICAL TERM
Topical Term NADP -Malate dehydrogenase
650 ## - SUBJECT ADDED ENTRY--TOPICAL TERM
Topical Term Nitrogen metabolism
650 ## - SUBJECT ADDED ENTRY--TOPICAL TERM
Topical Term Photosynthetic oxygen exchange
650 ## - SUBJECT ADDED ENTRY--TOPICAL TERM
Topical Term Pi Dikinase
650 ## - SUBJECT ADDED ENTRY--TOPICAL TERM
Topical Term Plant physiology
650 ## - SUBJECT ADDED ENTRY--TOPICAL TERM
Topical Term Polyamine
650 ## - SUBJECT ADDED ENTRY--TOPICAL TERM
Topical Term Protein storage
650 ## - SUBJECT ADDED ENTRY--TOPICAL TERM
Topical Term Pyruvate
650 ## - SUBJECT ADDED ENTRY--TOPICAL TERM
Topical Term Water transport
700 ## - ADDED ENTRY--PERSONAL NAME
Personal name BRIGGS, Winslow R
942 ## - ADDED ENTRY ELEMENTS (KOHA)
Koha item type Books
Holdings
Withdrawn status Lost status Damaged status Not for loan Collection code Home library Current library Date acquired Full call number Accession Number Koha item type
        Journal register RRII Library RRII Library 16/12/2021 581.1 ANN.36 J10625 Books